000 00581nam a2200169Ia 4500
008 090711s9999 xx 000 0 und d
082 _b62216
100 _aबाविस्कर भाऊ
245 _aविस्तवाशी खेळायSाय मला
260 _c1988
300 _a211
600 _aबाविस्कर भाऊ
630 _aविस्तवाशी खेळायSाय मला
700 _aबाविस्कर भाऊ
730 _aविस्तवाशी खेळायSाय मला
942 _cBOOK
999 _c295218
_d295218